<?xml version="1.0" encoding="UTF-8"?>
<record
    xmlns:xsi="http://www.w3.org/2001/XMLSchema-instance"
    xsi:schemaLocation="http://www.loc.gov/MARC21/slim http://www.loc.gov/standards/marcxml/schema/MARC21slim.xsd"
    xmlns="http://www.loc.gov/MARC21/slim">

  <leader>00528    a2200205   4500</leader>
  <controlfield tag="001">108588</controlfield>
  <datafield tag="020" ind1=" " ind2=" ">
    <subfield code="a">9788581300146 (broch.)</subfield>
  </datafield>
  <datafield tag="041" ind1=" " ind2=" ">
    <subfield code="a">por</subfield>
  </datafield>
  <datafield tag="082" ind1=" " ind2=" ">
    <subfield code="a">P Year 2 028</subfield>
  </datafield>
  <datafield tag="100" ind1=" " ind2=" ">
    <subfield code="a">Alves, Maria Elisa.</subfield>
  </datafield>
  <datafield tag="250" ind1=" " ind2=" ">
    <subfield code="a">. ed.</subfield>
  </datafield>
  <datafield tag="300" ind1=" " ind2=" ">
    <subfield code="a">[10] p.</subfield>
  </datafield>
  <datafield tag="697" ind1=" " ind2=" ">
    <subfield code="a">Literatura infantojuvenil brasileira.</subfield>
  </datafield>
  <datafield tag="856" ind1=" " ind2=" ">
    <subfield code="u">000001/0000019e.jpg</subfield>
  </datafield>
  <datafield tag="040" ind1=" " ind2=" ">
    <subfield code="a">BR-BrIDEA</subfield>
    <subfield code="c">BR-BrIDEA</subfield>
  </datafield>
  <datafield tag="090" ind1=" " ind2=" ">
    <subfield code="a">P Year 2 028</subfield>
    <subfield code="b">ALV</subfield>
  </datafield>
  <datafield tag="245" ind1="1" ind2="0">
    <subfield code="a">E por que n&#xE3;o?</subfield>
    <subfield code="c"> Maria Elisa Alves</subfield>
  </datafield>
  <datafield tag="260" ind1=" " ind2=" ">
    <subfield code="a">[S.l.]</subfield>
    <subfield code="b">Gera&#xE7;&#xE3;o Editorial</subfield>
    <subfield code="c">2012</subfield>
  </datafield>
  <datafield tag="942" ind1=" " ind2=" ">
    <subfield code="c">BK</subfield>
  </datafield>
  <datafield tag="952" ind1=" " ind2=" ">
    <subfield code="0">0</subfield>
    <subfield code="1">0</subfield>
    <subfield code="2">ddc</subfield>
    <subfield code="4">0</subfield>
    <subfield code="7">0</subfield>
    <subfield code="a">12.28</subfield>
    <subfield code="b">12.28</subfield>
    <subfield code="d">2018-01-10</subfield>
    <subfield code="l">1</subfield>
    <subfield code="o">P Year 2 028</subfield>
    <subfield code="p">00032251SSW</subfield>
    <subfield code="q">2024-04-08</subfield>
    <subfield code="r">2024-02-08 12:41:30</subfield>
    <subfield code="s">2024-02-08</subfield>
    <subfield code="w">2024-01-23</subfield>
    <subfield code="y">BK</subfield>
  </datafield>
  <datafield tag="952" ind1=" " ind2=" ">
    <subfield code="0">0</subfield>
    <subfield code="1">0</subfield>
    <subfield code="2">ddc</subfield>
    <subfield code="4">0</subfield>
    <subfield code="7">0</subfield>
    <subfield code="a">12.28</subfield>
    <subfield code="b">12.28</subfield>
    <subfield code="d">2015-11-24</subfield>
    <subfield code="l">1</subfield>
    <subfield code="o">P Year 2 028</subfield>
    <subfield code="p">00018587SSW</subfield>
    <subfield code="r">2024-05-21 10:44:05</subfield>
    <subfield code="s">2024-02-08</subfield>
    <subfield code="w">2024-01-23</subfield>
    <subfield code="y">BK</subfield>
  </datafield>
  <datafield tag="952" ind1=" " ind2=" ">
    <subfield code="0">0</subfield>
    <subfield code="1">0</subfield>
    <subfield code="2">ddc</subfield>
    <subfield code="4">0</subfield>
    <subfield code="7">0</subfield>
    <subfield code="a">12.28</subfield>
    <subfield code="b">12.28</subfield>
    <subfield code="d">2015-11-24</subfield>
    <subfield code="l">0</subfield>
    <subfield code="o">P Year 2 028</subfield>
    <subfield code="p">00018586SSW</subfield>
    <subfield code="r">2024-01-23 14:39:24</subfield>
    <subfield code="w">2024-01-23</subfield>
    <subfield code="y">BK</subfield>
  </datafield>
  <datafield tag="952" ind1=" " ind2=" ">
    <subfield code="0">0</subfield>
    <subfield code="1">0</subfield>
    <subfield code="2">ddc</subfield>
    <subfield code="4">0</subfield>
    <subfield code="7">0</subfield>
    <subfield code="a">12.28</subfield>
    <subfield code="b">12.28</subfield>
    <subfield code="d">2015-11-24</subfield>
    <subfield code="l">0</subfield>
    <subfield code="o">P Year 2 028</subfield>
    <subfield code="p">00018585SSW</subfield>
    <subfield code="r">2024-01-23 14:39:24</subfield>
    <subfield code="w">2024-01-23</subfield>
    <subfield code="y">BK</subfield>
  </datafield>
  <datafield tag="952" ind1=" " ind2=" ">
    <subfield code="0">0</subfield>
    <subfield code="1">0</subfield>
    <subfield code="2">ddc</subfield>
    <subfield code="4">0</subfield>
    <subfield code="7">0</subfield>
    <subfield code="a">12.28</subfield>
    <subfield code="b">12.28</subfield>
    <subfield code="d">2015-11-24</subfield>
    <subfield code="l">1</subfield>
    <subfield code="o">P Year 2 028</subfield>
    <subfield code="p">00018588SSW</subfield>
    <subfield code="q">2024-04-08</subfield>
    <subfield code="r">2024-02-08 13:03:43</subfield>
    <subfield code="s">2024-02-08</subfield>
    <subfield code="w">2024-01-23</subfield>
    <subfield code="y">BK</subfield>
  </datafield>
  <datafield tag="952" ind1=" " ind2=" ">
    <subfield code="0">0</subfield>
    <subfield code="1">0</subfield>
    <subfield code="2">ddc</subfield>
    <subfield code="4">0</subfield>
    <subfield code="7">0</subfield>
    <subfield code="a">12.28</subfield>
    <subfield code="b">12.28</subfield>
    <subfield code="d">2013-06-12</subfield>
    <subfield code="l">0</subfield>
    <subfield code="o">P Year 2 028</subfield>
    <subfield code="p">00003211SSW</subfield>
    <subfield code="r">2024-01-23 14:39:24</subfield>
    <subfield code="w">2024-01-23</subfield>
    <subfield code="y">BK</subfield>
  </datafield>
  <datafield tag="952" ind1=" " ind2=" ">
    <subfield code="0">0</subfield>
    <subfield code="1">0</subfield>
    <subfield code="2">ddc</subfield>
    <subfield code="4">0</subfield>
    <subfield code="7">0</subfield>
    <subfield code="a">12.27</subfield>
    <subfield code="b">12.27</subfield>
    <subfield code="d">2019-12-19</subfield>
    <subfield code="l">0</subfield>
    <subfield code="o">AP Year 2 028 ALV</subfield>
    <subfield code="p">00046553AGC</subfield>
    <subfield code="r">2024-01-23 14:39:24</subfield>
    <subfield code="w">2024-01-23</subfield>
    <subfield code="y">BK</subfield>
  </datafield>
  <datafield tag="952" ind1=" " ind2=" ">
    <subfield code="0">0</subfield>
    <subfield code="1">0</subfield>
    <subfield code="2">ddc</subfield>
    <subfield code="4">0</subfield>
    <subfield code="7">0</subfield>
    <subfield code="a">12.27</subfield>
    <subfield code="b">12.27</subfield>
    <subfield code="d">2019-12-19</subfield>
    <subfield code="l">6</subfield>
    <subfield code="o">AP Year 2 028 ALV</subfield>
    <subfield code="p">00046554AGC</subfield>
    <subfield code="r">2024-06-18 11:30:19</subfield>
    <subfield code="s">2024-06-18</subfield>
    <subfield code="w">2024-01-23</subfield>
    <subfield code="y">BK</subfield>
  </datafield>
  <datafield tag="952" ind1=" " ind2=" ">
    <subfield code="0">0</subfield>
    <subfield code="1">0</subfield>
    <subfield code="2">ddc</subfield>
    <subfield code="4">0</subfield>
    <subfield code="7">0</subfield>
    <subfield code="a">12.27</subfield>
    <subfield code="b">12.27</subfield>
    <subfield code="d">2019-12-19</subfield>
    <subfield code="l">0</subfield>
    <subfield code="o">AP Year 2 028 ALV</subfield>
    <subfield code="p">00046555AGC</subfield>
    <subfield code="r">2024-01-23 14:39:24</subfield>
    <subfield code="w">2024-01-23</subfield>
    <subfield code="y">BK</subfield>
  </datafield>
  <datafield tag="952" ind1=" " ind2=" ">
    <subfield code="0">0</subfield>
    <subfield code="1">0</subfield>
    <subfield code="2">ddc</subfield>
    <subfield code="4">0</subfield>
    <subfield code="7">0</subfield>
    <subfield code="a">12.27</subfield>
    <subfield code="b">12.27</subfield>
    <subfield code="d">2019-12-19</subfield>
    <subfield code="l">0</subfield>
    <subfield code="o">AP Year 2 028 ALV</subfield>
    <subfield code="p">00046556AGC</subfield>
    <subfield code="r">2024-01-23 14:39:24</subfield>
    <subfield code="w">2024-01-23</subfield>
    <subfield code="y">BK</subfield>
  </datafield>
  <datafield tag="952" ind1=" " ind2=" ">
    <subfield code="0">0</subfield>
    <subfield code="1">0</subfield>
    <subfield code="2">ddc</subfield>
    <subfield code="4">0</subfield>
    <subfield code="7">0</subfield>
    <subfield code="a">12.28</subfield>
    <subfield code="b">12.28</subfield>
    <subfield code="d">2019-12-19</subfield>
    <subfield code="l">1</subfield>
    <subfield code="o">P Year 2 028 ALV</subfield>
    <subfield code="p">00046557SSW</subfield>
    <subfield code="q">2024-04-08</subfield>
    <subfield code="r">2024-02-08 13:13:55</subfield>
    <subfield code="s">2024-02-08</subfield>
    <subfield code="w">2024-01-23</subfield>
    <subfield code="y">BK</subfield>
  </datafield>
  <datafield tag="952" ind1=" " ind2=" ">
    <subfield code="0">0</subfield>
    <subfield code="1">0</subfield>
    <subfield code="2">ddc</subfield>
    <subfield code="4">0</subfield>
    <subfield code="7">0</subfield>
    <subfield code="a">12.28</subfield>
    <subfield code="b">12.28</subfield>
    <subfield code="d">2019-12-19</subfield>
    <subfield code="l">0</subfield>
    <subfield code="o">P Year 2 028 ALV</subfield>
    <subfield code="p">00046558SSW</subfield>
    <subfield code="r">2024-01-23 14:39:24</subfield>
    <subfield code="w">2024-01-23</subfield>
    <subfield code="y">BK</subfield>
  </datafield>
  <datafield tag="952" ind1=" " ind2=" ">
    <subfield code="0">0</subfield>
    <subfield code="1">0</subfield>
    <subfield code="2">ddc</subfield>
    <subfield code="4">0</subfield>
    <subfield code="7">0</subfield>
    <subfield code="a">12.28</subfield>
    <subfield code="b">12.28</subfield>
    <subfield code="d">2019-12-19</subfield>
    <subfield code="l">0</subfield>
    <subfield code="o">P Year 2 028 ALV</subfield>
    <subfield code="p">00046559SSW</subfield>
    <subfield code="r">2024-01-23 14:39:24</subfield>
    <subfield code="w">2024-01-23</subfield>
    <subfield code="y">BK</subfield>
  </datafield>
  <datafield tag="952" ind1=" " ind2=" ">
    <subfield code="0">0</subfield>
    <subfield code="1">0</subfield>
    <subfield code="2">ddc</subfield>
    <subfield code="4">0</subfield>
    <subfield code="7">0</subfield>
    <subfield code="a">12.28</subfield>
    <subfield code="b">12.28</subfield>
    <subfield code="d">2019-12-19</subfield>
    <subfield code="l">0</subfield>
    <subfield code="o">P Year 2 028 ALV</subfield>
    <subfield code="p">00046560SSW</subfield>
    <subfield code="r">2024-01-23 14:39:24</subfield>
    <subfield code="w">2024-01-23</subfield>
    <subfield code="y">BK</subfield>
  </datafield>
  <datafield tag="952" ind1=" " ind2=" ">
    <subfield code="0">0</subfield>
    <subfield code="1">0</subfield>
    <subfield code="2">ddc</subfield>
    <subfield code="4">0</subfield>
    <subfield code="7">0</subfield>
    <subfield code="a">12.28</subfield>
    <subfield code="b">12.28</subfield>
    <subfield code="d">2019-12-19</subfield>
    <subfield code="l">0</subfield>
    <subfield code="o">P Year 2 028 ALV</subfield>
    <subfield code="p">00046561SSW</subfield>
    <subfield code="r">2024-01-23 14:39:24</subfield>
    <subfield code="w">2024-01-23</subfield>
    <subfield code="y">BK</subfield>
  </datafield>
  <datafield tag="952" ind1=" " ind2=" ">
    <subfield code="0">0</subfield>
    <subfield code="1">0</subfield>
    <subfield code="2">ddc</subfield>
    <subfield code="4">0</subfield>
    <subfield code="7">0</subfield>
    <subfield code="a">12.28</subfield>
    <subfield code="b">12.28</subfield>
    <subfield code="d">2019-12-19</subfield>
    <subfield code="l">0</subfield>
    <subfield code="o">P Year 2 028 ALV</subfield>
    <subfield code="p">00046562SSW</subfield>
    <subfield code="r">2024-01-23 14:39:24</subfield>
    <subfield code="w">2024-01-23</subfield>
    <subfield code="y">BK</subfield>
  </datafield>
  <datafield tag="952" ind1=" " ind2=" ">
    <subfield code="0">0</subfield>
    <subfield code="1">0</subfield>
    <subfield code="4">0</subfield>
    <subfield code="7">0</subfield>
    <subfield code="a">80.1</subfield>
    <subfield code="b">80.1</subfield>
    <subfield code="d">2024-02-09</subfield>
    <subfield code="l">0</subfield>
    <subfield code="o">ALV-P2</subfield>
    <subfield code="p">A07087</subfield>
    <subfield code="r">2024-02-09 21:24:49</subfield>
    <subfield code="w">2024-02-09</subfield>
    <subfield code="y">BK</subfield>
  </datafield>
  <datafield tag="952" ind1=" " ind2=" ">
    <subfield code="0">0</subfield>
    <subfield code="1">0</subfield>
    <subfield code="4">0</subfield>
    <subfield code="7">0</subfield>
    <subfield code="a">80.1</subfield>
    <subfield code="b">80.1</subfield>
    <subfield code="d">2024-02-09</subfield>
    <subfield code="l">0</subfield>
    <subfield code="o">ALV-P2</subfield>
    <subfield code="p">A07088</subfield>
    <subfield code="r">2024-02-09 21:24:49</subfield>
    <subfield code="w">2024-02-09</subfield>
    <subfield code="y">BK</subfield>
  </datafield>
  <datafield tag="999" ind1=" " ind2=" ">
    <subfield code="c">108588</subfield>
    <subfield code="d">108588</subfield>
  </datafield>
</record>
